000 00566nam a2200205Ia 4500
999 _c212
_d212
003 0100
008 130227s9999 xx 000 0 und d
040 _cARRUPELIB
050 _aDT763.L35 1968
100 _aLaurence, John
_939537
245 4 _aThe Seeds of disaster
245 _bA guide to the realities, race policies and world-wide propaganda campaigns of the Republic of South Africa
260 _aNew York
_bTaplinger Publishing Co.
_c1968
300 _a333p
300 _b 21cm
650 _aAfrica, South
_xRace question
_929924
650 _aPropaganda, South African
_939538
942 _2lcc
_cMONOGRAPH